000 01095nam a2200253 i 4500
001 165628
003 ES-MaACL
005 20250703063542.0
008 050906m18391860fr a | |||||||| ||fre d
040 _aCAM
_bspa
_cCAM
100 1 _aSoulié, Frédéric,
_d1800-1847
_9107564
245 1 0 _aDiane de Chivri
_b: drame en cinq actes /
_cpar Frédéric Soulié.
260 _aParis :
_bLibrairie théatrale,
_c[s.a.] (
_fImprimerie de M\pme\s veuve Dondey-Dupré)
300 _a15 p. :
_bil. ;
_c31 cm.
490 1 _aMagasin théatrale illustré
500 _aReprésenté, pour la première fois, a Paris, sur le théatre de la Renaissance (salle Ventadour) le 9 février 1839.
594 _aTit. y autor tomados de comienzo de texto.
596 _aEd. y serie tomados de encabezamiento de pag.1, y el imp. consta en colofón.
597 _aTexto a tres columnas.
599 _aLa il. en pag.1 precede al tit.
830 0 _aMagasin théatrale illustré
_9222473
852 _aES-MaACL
_jFol-Laf-5
_z-- Sin enc.
_z-- Legado M. de la Fuente
999 _c165628
_d165628